| 000 | 00000nam 2200000za 4500 |
| 001 | 9.814224 |
| 003 | CaOODSP |
| 005 | 20250303104652 |
| 007 | cr ||||||||||| |
| 008 | 160404s1923 oncao|||o f000 0 eng d |
| 040 | |aCaOODSP|beng |
| 043 | |an-cn--- |
| 086 | 1 |aA12-2/17-1923E-PDF |
| 100 | 1 |aMacoun, W. T. |q(William Tyrrell), |d1869-1933. |
| 245 | 10|aHardy roses, their culture in Canada |h[electronic resource] / |cby W.T. Macoun and Isabella Preston. |
| 260 | |aOttawa : |bDept. of Agriculture : |bDivision of Horticulture, Dominion Experimental Farms, |c1923. |
| 300 | |a31 p. : |bill. |
| 490 | 1 |aBulletin, New series ; |vno. 17 |
| 500 | |aTitle from cover. |
| 500 | |aIssued also in French under title: Roses rustiques et leur culture au Canada. |
| 500 | |aHistorical publication digitized from Agriculture and Agri-Food Canada collection. |
| 692 | 07|2gccst|aHorticulture |
| 692 | 07|2gccst|aGardening |
| 700 | 1 |aPreston, Isabella. |
| 710 | 1 |aCanada. |bDepartment of Agriculture. |
| 710 | 2 |aDominion Experimental Farms and Stations (Canada) |
| 775 | 08|tRoses rustiques et leur culture au Canada |w(CaOODSP)9.814228 |
| 830 | #0|aBulletin (Canada. Department of Agriculture)|vno. 17|w(CaOODSP)9.812039 |
| 856 | 40|qPDF|s12.51 MB|uhttps://publications.gc.ca/collections/collection_2016/aac-aafc/agrhist/A12-2-17-1923-eng.pdf |